Cohmology of coalgebras

Saved in:
Bibliographic Details
Main Author: Jonah, David W.
Format: Book
Language:English
Published: Providence, R.I. : American Mathematical Society, 1968
Series:Memoirs of the American Mathematical Society ; ; 82
Subjects:
Tags: Add Tag
No Tags, Be the first to tag this record!

MARC

LEADER 00000nam a2200000 i 4500
001 1/27144
008 960423s1968 eng d
020 |a 0-8218-1282-3 
035 |a 1993  |l 10037755 
040 |a GR-MY-UA  |b gre  |e aacr 
041 0 |a eng 
082 0 |a 514.23 
100 1 |a Jonah, David W. 
245 1 0 |a Cohmology of coalgebras /  |c David W. Jonah 
260 |a Providence, R.I. :   |b American Mathematical Society,   |c 1968 
300 |a 73 σ.;  |b εικ.;  |c 25 εκ. 
490 1 |a Memoirs of the American Mathematical Society  |v ; 82 
504 |a Βιβλιογραφία: σ. 72-73 
650 0 0 |a Homology theory. 
650 0 0 |a Algebra. 
830 0 |a Memoirs of the American Mathematical Society ;  |v ; 82 
852 |a INST  |b SAMOS  |e 19960423  |h 514.23 JON  |p 005300002679  |q 005300002679  |t BK  |y 0 
909 |a Σ  |b 030549